Museo del Oro Quimbaya / (Registro nro. 31067)
[ vista simple ]
| 000 -LEADER | |
|---|---|
| fixed length control field | 01527nam a2200313 4500 |
| 003 - CONTROL NUMBER IDENTIFIER | |
| control field | OSt |
| 005 - DATE AND TIME OF LATEST TRANSACTION | |
| control field | 20250814085442.0 |
| 008 - FIXED-LENGTH DATA ELEMENTS--GENERAL INFORMATION | |
| fixed length control field | 250814t |||aob|| |||| 00| 0 spa d |
| 020 ## - INTERNATIONAL STANDARD BOOK NUMBER | |
| International Standard Book Number | 9789586644723 |
| 040 ## - CATALOGING SOURCE | |
| Original cataloging agency | CO-JMCR |
| Language of cataloging | spa |
| Transcribing agency | CO-JMCR |
| Description conventions | rda |
| Modifying agency | CO-JMCR |
| 041 0# - LANGUAGE CODE | |
| Language code of text/sound track or separate title | spa |
| 082 04 - DEWEY DECIMAL CLASSIFICATION NUMBER | |
| Classification number | 069.098 |
| Item number | Q78m |
| Edition number | 23 |
| 100 1# - MAIN ENTRY--PERSONAL NAME | |
| Personal name | Quintero Guzmán, Juan Pablo. |
| Relator term | autor. |
| 9 (RLIN) | 44281 |
| 245 10 - TITLE STATEMENT | |
| Title | Museo del Oro Quimbaya / |
| Statement of responsibility, etc. | Juan Pablo Quintero Guzmán, María Alicia Uribe Villegas ; ilustraciones de Juan Manuel Ramírez Ramírez, Valentina Nieto Fernández, Yeraldina Márquez ; fotografía Clark Manuel Rodríguez Bernal [y otros quince] ; traducción de Michael Charles Sparrow ; prólogo de Leonardo Villar Gómez. |
| 264 ## - PRODUCTION, PUBLICATION, DISTRIBUTION, MANUFACTURE, AND COPYRIGHT NOTICE | |
| Place of production, publication, distribution, manufacture | Bogotá, Colombia : |
| Name of producer, publisher, distributor, manufacturer | Banco de la República, |
| Date of production, publication, distribution, manufacture, or copyright notice | 2023. |
| 300 ## - PHYSICAL DESCRIPTION | |
| Extent | 141 páginas : |
| Other physical details | ilustraciones, fotografías, mapas ; |
| Dimensions | 22 x 24 cm. |
| 504 ## - BIBLIOGRAPHY, ETC. NOTE | |
| Bibliography, etc. note | Incluye referencias bibliográficas. |
| 650 24 - SUBJECT ADDED ENTRY--TOPICAL TERM | |
| Topical term or geographic name entry element | Cultura quimbaya. |
| Source of heading or term | JMCR |
| 9 (RLIN) | 44282 |
| 650 24 - SUBJECT ADDED ENTRY--TOPICAL TERM | |
| Topical term or geographic name entry element | Quimbayas |
| General subdivision | Vida social y costumbres. |
| Source of heading or term | JMCR |
| 9 (RLIN) | 44283 |
| 650 24 - SUBJECT ADDED ENTRY--TOPICAL TERM | |
| Topical term or geographic name entry element | Arqueología indígena. |
| Source of heading or term | JMCR |
| 9 (RLIN) | 44284 |
| 700 1# - ADDED ENTRY--PERSONAL NAME | |
| Personal name | Uribe Villegas, María Alicia, |
| Relator term | autora. |
| 9 (RLIN) | 44285 |
| 700 1# - ADDED ENTRY--PERSONAL NAME | |
| Personal name | Ramirez Ramírez, Juan Manuel, |
| Relator term | ilustrador. |
| 9 (RLIN) | 44286 |
| 700 1# - ADDED ENTRY--PERSONAL NAME | |
| Personal name | Nieto Fernández, Valentina, |
| Relator term | ilustradora. |
| 9 (RLIN) | 44287 |
| 700 1# - ADDED ENTRY--PERSONAL NAME | |
| Personal name | Márquez, Yeraldina, |
| Relator term | ilustradora. |
| 9 (RLIN) | 44288 |
| 700 1# - ADDED ENTRY--PERSONAL NAME | |
| Personal name | Rodríguez Bernal, Clark Manuel, |
| Relator term | fotógrafo. |
| 9 (RLIN) | 44289 |
| 700 1# - ADDED ENTRY--PERSONAL NAME | |
| Personal name | Sparrow, Michael Charles, |
| Relator term | traductor. |
| 9 (RLIN) | 44290 |
| 700 1# - ADDED ENTRY--PERSONAL NAME | |
| Personal name | Villar Gómez, Leonardo, |
| Relator term | prologuista. |
| 9 (RLIN) | 44280 |
| 942 ## - ADDED ENTRY ELEMENTS (KOHA) | |
| Source of classification or shelving scheme | Dewey Decimal Classification |
| Koha item type | Books |
| Withdrawn status | Lost status | Source of classification or shelving scheme | Damaged status | Not for loan | Collection code | Home library | Current library | Shelving location | Date acquired | Source of acquisition | Total Checkouts | Full call number | Barcode | Date last seen | Copy number | Price effective from | Koha item type |
|---|---|---|---|---|---|---|---|---|---|---|---|---|---|---|---|---|---|
| Dewey Decimal Classification | Non-fiction | Biblioteca Pública José María del Castillo y Rada | Biblioteca Pública José María del Castillo y Rada | Audio Visual | 07/15/2025 | Donación | 069.098 Q78m | 201812653 | 08/14/2025 | Ej.1 | 08/14/2025 | Books |